| 000 | 01404nam a2200337 a 4500 | ||
|---|---|---|---|
| 001 | ebr10022473 | ||
| 003 | CaPaEBR | ||
| 006 | m u | ||
| 007 | cr cn||||||||| | ||
| 008 | 020327s2003 enk sb 001 0 eng | ||
| 010 | _z 2002021933 | ||
| 020 | _z1853596043 (alk. paper) | ||
| 020 | _z1853596035 (pbk. : alk. paper) | ||
| 040 |
_aCaPaEBR _cCaPaEBR |
||
| 035 | _a(OCoLC)52856546 | ||
| 050 | 1 | 4 |
_aP306.8.E85 _bC76 2003eb |
| 082 | 0 | 4 |
_a418/.02/094 _221 |
| 245 | 0 | 0 |
_aCrossing barriers and bridging cultures _h[electronic resource] : _bthe challenges of multilingual translation for the European Union / _cedited by Arturo Tosi. |
| 260 |
_aClevedon, England ; _aBuffalo, N.Y. : _bMultilingual Matters, _cc2003. |
||
| 300 | _axv, 135 p. | ||
| 504 | _aIncludes bibliographical references and index. | ||
| 533 |
_aElectronic reproduction. _bPalo Alto, Calif. : _cebrary, _d2013. _nAvailable via World Wide Web. _nAccess may be limited to ebrary affiliated libraries. |
||
| 610 | 2 | 0 | _aEuropean Union. |
| 650 | 0 |
_aTranslating and interpreting _zEurope. |
|
| 650 | 0 |
_aMultilingualism _xPolitical aspects _zEurope. |
|
| 650 | 0 |
_aLanguages in contact _zEurope. |
|
| 655 | 7 |
_aElectronic books. _2local |
|
| 700 | 1 | _aTosi, Arturo. | |
| 710 | 2 | _aebrary, Inc. | |
| 856 | 4 | 0 |
_uhttp://site.ebrary.com/lib/rucke/Doc?id=10022473 _zAn electronic book accessible through the World Wide Web; click to view |
| 999 |
_c24263 _d24263 |
||